Statistics for Every Iggy Azalea song that hit the Billboard hot 100

Click here to take the quiz!

General Stats

  • This quiz has been taken 37 times
  • The average score is 6 of 11

Answer Stats

Peak Chart PositionYearSong% Correct
12014Fancy
97%
32014Black Widow
77%
542014Work
77%
22014Problem
73%
422016Team
67%
292015Pretty Girls
50%
672015Trouble
47%
182014Booty
43%
272015Beg For It
33%
332014No Mediocre
27%
862015Go Hard Or Go Home
23%

Score Distribution

Percentile by Number Answered

Percent of People with Each Score

Your Score History

You have not taken this quiz